| 000 | 00405nas a22001817a 4500 | ||
|---|---|---|---|
| 003 | NALT | ||
| 005 | 20210804102806.0 | ||
| 008 | 210804b th |||p| |||| 00| 0 tha d | ||
| 022 | _a00233919 | ||
| 040 | _aNALT | ||
| 041 | 0 | _aeng | |
| 245 | 1 | 0 | _aKorea Observer |
| 260 | 3 | _bDooildesign | |
| 310 | _aรายสะดวก | ||
| 850 | _aNALT | ||
| 942 | _cJNR | ||
| 998 |
_b34 _d2015-01-21 15:18:06.440 _j755 _k จินตนา เอี่ยมคง |
||
| 999 |
_c83471 _d83471 |
||